01110nam a2200193Ia 4500001001100000003001000011008004100021040002500062041001300087100001900100245002700119250001100146260008500157300001200242500026400254501011400518520026400632650002000896L851-49883IT-CnALBA170116s9999||||xx |||||||||||||| ||und|| aIT-CnALBAcIT-CnALBA aITALIANO aFRANCHI FRANCA 0aCONTRO OGNI SPERANZA.  a1a ed. a S. GEMIGNANObMANETTI MARIO ED. c1997 [1° Ed.:1997 - Ed.Ling.Originale: 1997] a115 p.  aPREFAZIONE DI OLIVETO L. RITRATTO DI MADRE. ROMANZO AUTOBIOGRAFICO. MATERNITÀ TENERA DOLCE DRAMMATICA. MAMMA ADOTTIVA. QUASI MATERNITÀ BIOLOGIICA. GRIDO, RECLAMO, INVOCAZIONE, PIANTO. MAMMA MESTIERE DIRITTO DOVERE. TENSIONE NARRATIVA. DESCRIZIONE DI AFFET aSocietà San Paolo EM - Piazza San Paolo, 14 - 12051 ALBA (CN) (non commercial uses only) ® Copyright 2017 aPREFAZIONE DI OLIVETO L. RITRATTO DI MADRE. ROMANZO AUTOBIOGRAFICO. MATERNITÀ TENERA DOLCE DRAMMATICA. MAMMA ADOTTIVA. QUASI MATERNITÀ BIOLOGIICA. GRIDO, RECLAMO, INVOCAZIONE, PIANTO. MAMMA MESTIERE DIRITTO DOVERE. TENSIONE NARRATIVA. DESCRIZIONE DI AFFET aPOESIA ITALIANA